| 000 | 00442nam a2200157Ia 4500 | ||
|---|---|---|---|
| 999 |
_c32663 _d32663 |
||
| 003 | OSt | ||
| 005 | 20200918113751.0 | ||
| 008 | 190216s9999||||xx |||||||||||||| ||und|| | ||
| 040 | _coclc | ||
| 082 |
_a536 _bEDS/H |
||
| 100 |
_aEdser, Edwin _94737 |
||
| 245 | 0 |
_aHeat For Advanced Students / _cEdwin Edser |
|
| 260 |
_bMacmillan &co Ltd, _aLondon: _c1962. |
||
| 300 | _a487p | ||
| 942 |
_cBK _2ddc _h536 _iEDS/H _k536 _mEDS/H |
||